000 00735nam a22001817a 4500
005 20250805104720.0
010 _aHIN-130124
020 _a9789395237062
_c400.00
035 _aHN-102470
037 _bDBAD
082 _a
100 _aजयन्त
_983722
245 _aआखिर वह चला गया /
_bजयन्त
260 _bसाहित्यागार
_aजयपुर
_c2022
270 _aधामाणी मार्किट की गली चौड़ा रास्ता , जयपुर
_bजयपुर
_k0141-2310785, 4022382, 2322382, 9314202010
_mmail@sahityagar.com
300 _a192पृ.
_b22सेमी (सजिल्द)
942 _2ddc
_cHN
_h
_mजयन्त
999 _c212850
_d212850